Statistiken für Länder am nächsten zu VAE - Einminütiger Sprint

Klicken Sie hier um das Quiz zu spielen!

Allgemein

  • Dieses Quiz wurde 68 mal gespielt
  • Das Durchschnittsergebnis liegt bei 13 aus 20

Antwortstatistiken

kmLand% Korrekt
0Oman
100%
0Saudi-Arabien
96%
32Katar
95%
66Iran
93%
443Jemen
93%
158Bahrain
91%
683Irak
91%
560Kuwait
86%
1488Jordanien
73%
529Pakistan
70%
1515Syrien
68%
627Afghanistan
66%
1206Indien
66%
1234Somalia
50%
1562Türkei
50%
1515Dschibuti
39%
1108Eritrea
32%
1165Turkmenistan
25%
1516Sudan
21%
1540Aserbaidschan
18%

Verteilung der Resultate

Perzentil nach korrekt beantworteten Fragen

Anzahl Personen mit jedem Resultat

Ihre Resultats-Entwicklung

Sie haben dieses Quiz noch nicht gespielt